000
00213 a2200097 4500
001
55457
100
_a
245
_a
Numerical analysis
260
_a
New Delhi
_b
Science P.B
_c
2007
090
_c
34415
_d
34415
942
_a
NUST-CAE
_c
MONOGRAPH
_c
27131
999
_c
290530
_d
290530